[Event "Moscow Open A 2015"]
[Site "Moscow RUS"]
[Date "2015.01.31"]
[Round "1.96"]
[White "Danielyan, Vahe"]
[Black "Ozolin, Maxim"]
[Result "0-1"]
[BlackTitle "IM"]
[WhiteElo "2140"]
[BlackElo "2394"]
[WhiteFideId "13304828"]
[BlackFideId "4133340"]
[EventDate "2015.01.31"]

1. e4 c5 2. c3 d6 3. d4 Nf6 4. Bd3 g6 5. Ne2 Bg7 6. O-O O-O 7. Nd2 cxd4 8. cxd4
Nc6 9. b3 e5 10. d5 Nb4 11. Bb1 Bg4 12. f3 Bd7 13. a3 Na6 14. Bb2 Bh6 15. a4
Be3+ 16. Kh1 Nb4 17. Nc4 Bc5 18. Ng3 h5 19. Qd2 Kh7 20. Nxe5 dxe5 21. Bxe5 h4
22. Nf5 Bxf5 23. exf5 Nfxd5 24. f6 Be3 25. Qe2 Bg5 26. f4 Bxf6 27. f5 Qe8 28.
Qg4 Qxe5 29. fxg6+ Kg7 30. Bf5 Ne3 31. Qxb4 fxg6 32. Rae1 gxf5 33. Qxb7+ Kg6 34.
Qa6 Rfe8 0-1

[Event "Moscow Open A 2015"]
[Site "Moscow RUS"]
[Date "2015.01.31"]
[Round "1.97"]
[White "Kozionov, Kirill"]
[Black "Kalinin, Nikita"]
[Result "1-0"]
[WhiteTitle "IM"]
[WhiteElo "2391"]
[BlackElo "2139"]
[WhiteFideId "24101729"]
[BlackFideId "24155390"]
[EventDate "2015.01.31"]

1. e4 e5 2. Nf3 Nc6 3. Bb5 Bc5 4. c3 f5 5. d4 fxe4 6. Bxc6 dxc6 7. Nfd2 Be7 8.
Qh5+ Kf8 9. Qxe5 Bd6 10. Qxe4 Nf6 11. Qe2 Bg4 12. f3 Qd7 13. O-O Re8 14. Qf2 Bf5
15. Ne4 Bxe4 16. fxe4 Rxe4 17. Bg5 Qg4 18. Bxf6 Rf4 19. Qxf4 Bxf4 20. Be5 Ke8
21. Bxf4 Rf8 22. Re1+ Kd7 23. Bg3 h5 24. Nd2 h4 25. Nc4 Kc8 26. Be5 b6 27. h3
Qd7 28. Ne3 1-0

[Event "Moscow Open A 2015"]
[Site "Moscow RUS"]
[Date "2015.01.31"]
[Round "1.98"]
[White "Velichko, Arseny"]
[Black "Meribanov, Vitaly"]
[Result "1/2-1/2"]
[BlackTitle "IM"]
[WhiteElo "2118"]
[BlackElo "2390"]
[WhiteFideId "24179752"]
[BlackFideId "13504363"]
[EventDate "2015.01.31"]

1. d4 Nf6 2. c4 e6 3. Nf3 Bb4+ 4. Bd2 Qe7 5. g3 Nc6 6. Bg2 Bxd2+ 7. Nbxd2 d6 8.
O-O O-O 9. e4 e5 10. d5 Nb8 11. Ne1 a5 12. Nd3 Na6 13. f4 Nd7 14. f5 f6 15. a3
Nac5 16. Nxc5 Nxc5 17. b4 Na6 18. Qb3 Bd7 19. Rfc1 b6 20. Bf1 Rfb8 21. Qc3 g6
22. fxg6 hxg6 23. Rcb1 Rf8 24. c5 bxc5 25. Bxa6 Rxa6 26. bxc5 dxc5 27. Rc1 Rd8
28. Qxc5 Qxc5+ 29. Rxc5 c6 30. Nc4 cxd5 31. Rxd5 Rc8 32. Rxd7 Rxc4 33. Rb1 Ra8
34. Rbb7 Rxe4 35. Rg7+ Kh8 36. Rh7+ Kg8 37. Rbg7+ Kf8 38. Rf7+ 1/2-1/2

[Event "Moscow Open A 2015"]
[Site "Moscow RUS"]
[Date "2015.01.31"]
[Round "1.99"]
[White "Martirosyan, Haik M."]
[Black "Feduk, Viktor"]
[Result "1-0"]
[WhiteTitle "FM"]
[WhiteElo "2389"]
[BlackElo "2112"]
[WhiteFideId "13306553"]
[BlackFideId "4173368"]
[EventDate "2015.01.31"]

1. d4 Nf6 2. c4 e6 3. Nc3 Bb4 4. Qc2 d5 5. cxd5 exd5 6. Bg5 c5 7. Nf3 h6 8. Bxf6
Qxf6 9. a3 Ba5 10. dxc5 Bf5 11. Qd2 Bxc3 12. bxc3 O-O 13. Qd4 Nd7 14. Qxf6 Nxf6
15. Nd4 Bd7 16. Rb1 Rfc8 17. f3 Rxc5 18. Kd2 b6 19. Nb3 Rc7 20. e3 Bf5 21. Rc1
Nd7 22. c4 dxc4 23. Bxc4 Rac8 24. Nd4 Rxc4 25. Nxf5 Kf8 26. Rxc4 Rxc4 27. Rd1
Nc5 28. Ke2 Rc2+ 29. Rd2 Rxd2+ 30. Kxd2 Ne6 31. Kc3 a6 32. Kc4 Nc7 33. Nd6 g6
34. Nc8 b5+ 35. Kc5 a5 36. Nb6 b4 37. a4 Ke7 38. Nc4 b3 39. Nb2 Ke6 40. e4 Ke5
41. Nd3+ Ke6 42. Kc6 Na6 43. Kb5 Nb4 44. Nc5+ Kd6 45. Nxb3 Nd3 46. Nxa5 Nb2 47.
Nc4+ 1-0

[Event "Moscow Open A 2015"]
[Site "Moscow RUS"]
[Date "2015.01.31"]
[Round "1.100"]
[White "Goltsev, Dmitry"]
[Black "Khanin, Semen"]
[Result "0-1"]
[WhiteElo "2111"]
[BlackElo "2387"]
[WhiteFideId "24176710"]
[BlackFideId "4111990"]
[EventDate "2015.01.31"]

1. c4 e6 2. Nc3 d5 3. d4 c5 4. e3 Nf6 5. Nf3 Nc6 6. Be2 Be7 7. dxc5 Bxc5 8. cxd5
exd5 9. O-O O-O 10. a3 a6 11. b4 Ba7 12. Bb2 Be6 13. Na4 Ne4 14. Rc1 Qd6 15. Qd3
Rad8 16. Nc5 Bxc5 17. bxc5 Qe7 18. Nd4 Ne5 19. Qc2 Rc8 20. Nb3 Nc4 21. Bxc4 dxc4
22. Qxe4 cxb3 23. f4 f5 24. Qe5 Rc6 25. Rf3 Qc7 26. Qc3 b6 27. Rg3 Rf7 28. Rd1
Kf8 29. Qd2 Rxc5 30. Be5 Rxe5 31. fxe5 Rd7 32. Qb4+ Qc5 33. Rb1 Qxb4 34. axb4 a5
35. bxa5 bxa5 36. e4 fxe4 37. Rgxb3 Bxb3 38. Rxb3 Ke7 39. Kf2 Ke6 40. Ra3 Rd5
41. Ra4 Rxe5 42. Ke3 Kd6 43. Ra2 Kc6 44. Kf4 Kd6 45. Rd2+ Ke6 46. Rb2 g5+ 47.
Ke3 Kd5 48. Rc2 Re7 49. Ra2 Ra7 50. Ra4 Kc5 51. Kxe4 Kb5 52. Ra1 Kc4 53. Rc1+
Kb3 54. Kf5 a4 55. Kxg5 Rg7+ 56. Kh6 Rxg2 57. h4 a3 58. Rc5 Rg4 59. h5 a2 60.
Rc1 Rh4 61. Rg1 Rh2 0-1

[Event "Moscow Open A 2015"]
[Site "Moscow RUS"]
[Date "2015.01.31"]
[Round "1.101"]
[White "Zenin, Dmitri"]
[Black "Bykov, Egor"]
[Result "0-1"]
[WhiteElo "2381"]
[BlackElo "2109"]
[WhiteFideId "4127897"]
[BlackFideId "34115290"]
[EventDate "2015.01.31"]

1. d4 d5 2. c4 c6 3. Nc3 Nf6 4. e3 g6 5. Nf3 Bg7 6. Be2 O-O 7. O-O a6 8. Qb3 e6
9. Bd2 Nbd7 10. cxd5 exd5 11. Rfc1 Re8 12. Be1 Ne4 13. Nxe4 Rxe4 14. Qd1 f5 15.
Bd3 Re8 16. b4 Nf8 17. a4 f4 18. exf4 Ne6 19. f5 Nxd4 20. Nxd4 Bxd4 21. fxg6
Bxa1 22. gxh7+ Kh8 23. Rxa1 Qf6 24. Ra3 d4 25. h3 Qe5 26. Bd2 Bf5 27. Bxf5 Qxf5
28. Rf3 Qe6 29. Qc2 Rad8 30. Bg5 Qe1+ 31. Kh2 Qe5+ 32. Bf4 Qe4 33. Qc5 Rd5 34.
Qc1 Rf5 35. Qd2 Kxh7 36. Bg3 Rxf3 37. gxf3 Qd5 38. Qd3+ Kg7 39. a5 Rf8 40. Kg2
Rf7 41. h4 Rd7 42. Bf4 Qh5 43. Bg5 Qg6 44. Qc4 d3 45. Qc3+ Kh7 46. Kf1 Qd6 0-1

[Event "Moscow Open A 2015"]
[Site "Moscow RUS"]
[Date "2015.01.31"]
[Round "1.102"]
[White "Romanov, Stanislav"]
[Black "Kalashnikov, Konstantin"]
[Result "1/2-1/2"]
[BlackTitle "IM"]
[WhiteElo "2107"]
[BlackElo "2380"]
[WhiteFideId "4116895"]
[BlackFideId "4136004"]
[EventDate "2015.01.31"]

1. e4 c5 2. c3 Nf6 3. e5 Nd5 4. d4 cxd4 5. Nf3 Nc6 6. cxd4 g6 7. Bc4 Nb6 8. Bb3
Bg7 9. O-O O-O 10. Nc3 d6 11. Bf4 Bg4 12. exd6 Nxd4 13. Qe1 exd6 14. Nxd4 Bxd4
15. h3 Bf5 16. Rd1 Bc5 17. Nb5 d5 18. Nc7 Rc8 19. Nxd5 Nxd5 20. Rxd5 Qh4 21. Qd2
Be6 22. Bg5 Qb4 23. Qxb4 Bxb4 24. Rb5 Bxb3 25. axb3 Bc5 26. Rxb7 Rb8 27. Rc7 Bd4
28. b4 Rfc8 29. Rd7 Rxb4 30. Rd1 Bxb2 31. Rxa7 Rd4 32. Rb1 Rd5 33. Bh6 Bg7 34.
Bxg7 Kxg7 35. Rab7 h5 36. h4 Rc2 37. R7b2 Rc4 38. g3 Rf5 39. Kg2 Rc3 40. Rb3 Rc2 1/2-1/2

[Event "Moscow Open A 2015"]
[Site "Moscow RUS"]
[Date "2015.01.31"]
[Round "1.103"]
[White "Sorokin, Aleksey"]
[Black "Lkhamsuren, Uuganbayar"]
[Result "1/2-1/2"]
[WhiteTitle "FM"]
[BlackTitle "WFM"]
[WhiteElo "2379"]
[BlackElo "2106"]
[WhiteFideId "24176460"]
[BlackFideId "4901347"]
[EventDate "2015.01.31"]

1. d4 Nf6 2. c4 e6 3. Nf3 b6 4. a3 Ba6 5. Qc2 Bb7 6. Nc3 c5 7. e4 cxd4 8. Nxd4
Bc5 9. Nb3 Nc6 10. Bg5 Nd4 11. Nxd4 Bxd4 12. Nb5 Be5 13. f4 Bb8 14. e5 h6 15.
Bxf6 gxf6 16. Nd6+ Bxd6 17. exd6 f5 18. O-O-O Qf6 19. Kb1 Rc8 20. Ka1 Rc5 21.
Rg1 Kd8 22. g3 Kc8 23. Ka2 Be4 24. Bd3 Qd4 25. b3 Bxd3 26. Qxd3 Qxd3 27. Rxd3
Kb8 28. Kb2 Rhc8 29. Rg2 a6 30. Kb1 b5 31. Rd4 f6 32. Rb2 R8c6 33. Rd1 Ka7 34.
Rbd2 a5 35. Rd4 a4 36. Kb2 1/2-1/2

[Event "Moscow Open A 2015"]
[Site "Moscow RUS"]
[Date "2015.01.31"]
[Round "1.104"]
[White "Dovletov, Hajugurban"]
[Black "Triapishko, Olexandr"]
[Result "0-1"]
[WhiteElo "2097"]
[BlackElo "2379"]
[WhiteFideId "14003600"]
[BlackFideId "14122286"]
[EventDate "2015.01.31"]

1. d4 Nf6 2. Nf3 g6 3. Bg5 Bg7 4. Nbd2 d5 5. e3 O-O 6. Bd3 Nbd7 7. O-O Re8 8. c4
c5 9. cxd5 Nxd5 10. Qb3 N5b6 11. Ne4 cxd4 12. Rfd1 Ne5 13. Nxd4 Nxd3 14. Rxd3
Qd5 15. Qxd5 Nxd5 16. Nb5 Bf5 17. Rxd5 Bxe4 18. Rd2 h6 19. Bh4 g5 20. Bg3 Red8
21. Rad1 Rxd2 22. Rxd2 Bc6 23. Nc3 f5 24. f3 Kf7 25. e4 e6 26. Bf2 b6 27. Kf1
Rc8 28. exf5 exf5 29. Ke1 Be5 30. Bg3 Bf6 31. Bf2 h5 32. Bd4 Be7 33. Ke2 Re8 34.
Kf1 Bd6 35. Be3 Be7 36. Bd4 g4 37. fxg4 hxg4 38. Rf2 Bd7 39. Re2 Be6 40. Rd2
Bc4+ 41. Kf2 Bg5 42. Rd1 f4 43. b3 Ba6 44. Kg1 Re7 45. Kf2 Kg6 46. Bc5 Bh4+ 47.
g3 fxg3+ 48. hxg3 Rf7+ 49. Kg1 Bxg3 50. Be3 Bb7 51. Rd4 Bf3 52. Ne4 Be5 53. Rc4
Rh7 54. Bd4 g3 55. Rc6+ Kf5 0-1

[Event "Moscow Open A 2015"]
[Site "Moscow RUS"]
[Date "2015.01.31"]
[Round "1.105"]
[White "Zude, Erik"]
[Black "Shapfiullin, Ildar"]
[Result "1-0"]
[WhiteTitle "IM"]
[WhiteElo "2378"]
[BlackElo "2093"]
[WhiteFideId "4604644"]
[BlackFideId "4147146"]
[EventDate "2015.01.31"]

1. d4 Nf6 2. c4 e6 3. Nc3 Bb4 4. e3 c5 5. Bd3 Nc6 6. Nf3 d6 7. O-O O-O 8. d5
Bxc3 9. bxc3 Ne7 10. e4 Ng6 11. dxe6 fxe6 12. e5 Nxe5 13. Nxe5 dxe5 14. Bg5 Qc7
15. Qe2 Bd7 16. Rfe1 e4 17. Bc2 Bc6 18. Bxf6 Rxf6 19. Bxe4 Raf8 20. f3 Rh6 21.
h3 Rh4 22. Bxc6 Qxc6 23. Qxe6+ Qxe6 24. Rxe6 Rxc4 25. Rd1 Kf7 26. Re3 Kg6 27.
Re7 Rf7 28. Rd6+ Rf6 29. Rdd7 Rxc3 30. Rxg7+ Kf5 31. Rxb7 a5 32. Rxh7 Kf4 33.
Rbe7 Rc1+ 34. Kh2 c4 35. Rhg7 c3 36. Re4+ 1-0

[Event "Moscow Open A 2015"]
[Site "Moscow RUS"]
[Date "2015.01.31"]
[Round "1.106"]
[White "Derakhshani, Borna"]
[Black "Vdovin, Vadim"]
[Result "0-1"]
[WhiteTitle "CM"]
[BlackTitle "FM"]
[WhiteElo "2081"]
[BlackElo "2377"]
[WhiteFideId "12518450"]
[BlackFideId "24107158"]
[EventDate "2015.01.31"]

1. e4 e5 2. Nf3 Nc6 3. Bc4 Nf6 4. d3 Bc5 5. c3 a6 6. Nbd2 Ba7 7. Bb3 d6 8. h3 h6
9. Nf1 Be6 10. Ng3 Qd7 11. Nh4 g6 12. Qf3 Qe7 13. Be3 Bxb3 14. axb3 Nd7 15. Qg4
Bxe3 16. Nxg6 Bxf2+ 17. Kxf2 Qf6+ 18. Nf4 exf4 19. Nh5 Qg5 20. Nxf4 Nde5 21.
Qxg5 hxg5 22. Nd5 O-O-O 23. Ke3 Rdf8 24. Rhf1 Kd8 25. d4 Nd7 26. b4 Ne7 27. c4
Nxd5+ 28. exd5 f5 29. Kd3 f4 30. b5 axb5 31. Ra8+ Ke7 32. Re1+ Kf7 33. Ra7 bxc4+
34. Kxc4 Nb6+ 35. Kd3 Nxd5 36. Rxb7 Rb8 37. Rxb8 Rxb8 38. Re2 Ne3 39. Ke4 d5+
40. Kf3 Rb3 0-1

[Event "Moscow Open A 2015"]
[Site "Moscow RUS"]
[Date "2015.01.31"]
[Round "1.107"]
[White "Akhmetov, Ayan"]
[Black "Galaktionov, Artem"]
[Result "1-0"]
[WhiteTitle "IM"]
[WhiteElo "2376"]
[BlackElo "2081"]
[WhiteFideId "13703706"]
[BlackFideId "24175471"]
[EventDate "2015.01.31"]

1. e4 c6 2. d4 d5 3. Nd2 dxe4 4. Nxe4 Bf5 5. Ng3 Bg6 6. Nf3 Nd7 7. h4 h6 8. h5
Bh7 9. Bd3 Bxd3 10. Qxd3 Ngf6 11. Bd2 e6 12. O-O-O Qc7 13. Qe2 O-O-O 14. Ne5
Nxe5 15. dxe5 Nd5 16. c4 Nb4 17. Kb1 Be7 18. a3 Nd3 19. Bc3 Nc5 20. f4 Rxd1+ 21.
Rxd1 Rd8 22. Rxd8+ Qxd8 23. Kc2 Na4 24. Ne4 Nxc3 25. Kxc3 f5 26. Nd2 c5 27. Nb3
b6 28. g4 Kc7 29. gxf5 exf5 30. Qf3 Qe8 31. Na1 g6 32. hxg6 Qxg6 33. Nc2 Qg4 34.
Qxg4 fxg4 35. Ne3 h5 36. Kd3 g3 37. Ke4 h4 38. Kf3 Kd7 39. f5 Bg5 40. Nd5 Bd8
41. b3 Bg5 42. a4 Bd8 43. Nc3 Bg5 44. a5 Bd8 45. a6 Bc7 46. e6+ Ke8 47. Nd5 Bd6
48. Kg2 Bb8 49. f6 Kf8 50. Ne7 Bd6 51. Nc6 1-0

[Event "Moscow Open A 2015"]
[Site "Moscow RUS"]
[Date "2015.01.31"]
[Round "1.108"]
[White "Safonov, Nikita"]
[Black "Bazeev, German"]
[Result "1/2-1/2"]
[WhiteElo "2080"]
[BlackElo "2374"]
[WhiteFideId "24153281"]
[BlackFideId "24119350"]
[EventDate "2015.01.31"]

1. e4 c5 2. b3 Nc6 3. Bb2 d6 4. Bb5 Bd7 5. f4 a6 6. Bxc6 Bxc6 7. Nc3 Nf6 8. Qe2
b5 9. e5 b4 10. exf6 bxc3 11. Bxc3 gxf6 12. Nf3 Rg8 13. Rg1 a5 14. a4 Rc8 15. d3
e6 16. O-O-O Be7 17. g4 d5 18. g5 fxg5 19. Nxg5 Bxg5 20. fxg5 Rxg5 21. Bxa5 Qf6
22. Rxg5 Qxg5+ 23. Qd2 Qxd2+ 24. Bxd2 e5 25. Rg1 Ke7 26. Rg7 d4 27. Bg5+ Ke6 28.
Rxh7 f6 29. Bd2 Rg8 30. a5 f5 31. Rh6+ Kd7 32. a6 f4 33. Rh7+ Kd6 34. Be1 Ra8
35. a7 Bd7 36. Rh6+ Be6 1/2-1/2

[Event "Moscow Open A 2015"]
[Site "Moscow RUS"]
[Date "2015.01.31"]
[Round "1.109"]
[White "Baghdasaryan, Vahe"]
[Black "Mezentsev, Ivan"]
[Result "0-1"]
[WhiteTitle "IM"]
[WhiteElo "2372"]
[BlackElo "2078"]
[WhiteFideId "13303139"]
[BlackFideId "13706195"]
[EventDate "2015.01.31"]

1. c4 Nf6 2. Nc3 e6 3. e4 e5 4. Nf3 Nc6 5. d4 exd4 6. Nxd4 Bb4 7. Nxc6 dxc6 8.
Bd3 O-O 9. O-O Ng4 10. Bf4 Qe7 11. Qc2 Ne5 12. Be2 f5 13. Rfe1 Ng6 14. Bd2 f4
15. Qb3 Kh8 16. Bf1 a5 17. a3 Bd6 18. Na4 Ne5 19. f3 Be6 20. Qc2 b6 21. c5 bxc5
22. Rac1 c4 23. Bc3 Qg5 24. Bxe5 Bxe5 25. Bxc4 Bd4+ 26. Kh1 Bxc4 27. Qxc4 Be3
28. Rcd1 Rf6 29. Rd7 Qh4 30. Rxe3 fxe3 31. Qe2 Qf2 32. Qxf2 exf2 33. Rd1 Rd6 34.
Rf1 Rad8 35. g4 Rd1 36. Kg2 Rxf1 37. Kxf1 Rd2 0-1

[Event "Moscow Open A 2015"]
[Site "Moscow RUS"]
[Date "2015.01.31"]
[Round "1.110"]
[White "Aliyev, Ravan"]
[Black "Faizrakhmanov, Ramil"]
[Result "1-0"]
[BlackTitle "FM"]
[WhiteElo "2070"]
[BlackElo "2371"]
[WhiteFideId "13409980"]
[BlackFideId "24103209"]
[EventDate "2015.01.31"]

1. d4 Nf6 2. Nf3 e6 3. b3 c5 4. e3 cxd4 5. exd4 b6 6. Bb2 Bb7 7. Nbd2 Be7 8. a3
O-O 9. Bd3 d6 10. c4 Nbd7 11. O-O Re8 12. Re1 Bf8 13. Rc1 g6 14. Bf1 d5 15. Ne5
dxc4 16. Ndxc4 b5 17. Nxd7 Qxd7 18. Ne5 Qd5 19. Rc7 Bd6 20. Rxf7 Bxe5 21. Rxe5
Kxf7 22. Rxd5 Bxd5 23. Bxb5 Reb8 24. Ba4 Rb7 25. Bc1 Rc8 26. Bf4 Ne4 27. h3 Nc3
28. Qd2 Nxa4 29. bxa4 Kg8 30. Be5 Rf7 31. f3 Bb3 32. h4 Bxa4 33. d5 exd5 34. Bb2
Bd7 35. Qd4 Kf8 36. Qxd5 Bf5 37. Qd6+ Ke8 38. g4 Bd7 39. Kg2 Re7 40. Kg3 Rc6 41.
Qd5 Rce6 42. Qa8+ Kf7 43. Qh8 Bc6 44. Qxh7+ Ke8 45. Qh8+ Kd7 46. Bf6 Re8 47.
Qg7+ Kc8 48. Qxg6 Re3 49. h5 Rxf3+ 50. Kh4 Bd7 51. h6 Rf4 52. Qc2+ Kb7 53. Qb2+
Ka6 54. h7 Re3 55. Qh2 Rxg4+ 56. Kh5 Rgg3 57. h8=Q Rh3+ 58. Kg6 Rxh2 59. Qxh2
Bc6 60. Qb2 1-0

[Event "Moscow Open A 2015"]
[Site "Moscow RUS"]
[Date "2015.01.31"]
[Round "1.111"]
[White "Appolonov, Sergey"]
[Black "Nazarov, Rustem"]
[Result "1-0"]
[WhiteTitle "IM"]
[WhiteElo "2370"]
[BlackElo "2059"]
[WhiteFideId "4116291"]
[BlackFideId "14002280"]
[EventDate "2015.01.31"]

1. Nf3 Nf6 2. c4 g6 3. Nc3 Bg7 4. e4 d6 5. d4 O-O 6. Be2 e5 7. O-O Nc6 8. Be3
Ng4 9. Bg5 f6 10. Bc1 f5 11. Bg5 Qe8 12. Nb5 Qf7 13. d5 Nb8 14. Nd2 h6 15. Bh4
g5 16. Bg3 Nf6 17. exf5 Bxf5 18. c5 a6 19. Nc3 Nbd7 20. cxd6 cxd6 21. Nc4 Qe7
22. Bd3 Bxd3 23. Qxd3 Nc5 24. Qg6 b5 25. b4 Ncd7 26. Ne3 Qf7 27. Qd3 Nh5 28. Ne4
Qg6 29. f3 Nf4 30. Qd2 Rac8 31. Rac1 Nb6 32. Bf2 g4 33. Rxc8 Rxc8 34. Nxg4 Nbxd5
35. g3 h5 36. Ne3 Nh3+ 37. Kg2 Nhf4+ 38. Kh1 Nxe3 39. Bxe3 d5 40. Nc5 d4 41.
Bxf4 exf4 42. Qxf4 Qc2 43. Qg5 Qc4 44. Re1 Qf7 1-0

[Event "Moscow Open A 2015"]
[Site "Moscow RUS"]
[Date "2015.01.31"]
[Round "1.112"]
[White "Parvanyan, Ashot"]
[Black "Gorozhanin, Mikhail"]
[Result "1/2-1/2"]
[BlackTitle "FM"]
[WhiteElo "2053"]
[BlackElo "2370"]
[WhiteFideId "13307550"]
[BlackFideId "4178262"]
[EventDate "2015.01.31"]

1. Nf3 Nf6 2. g3 d5 3. Bg2 g6 4. O-O Bg7 5. c4 O-O 6. Qb3 c5 7. cxd5 Nxd5 8. Nc3
Nb6 9. d3 Be6 10. Qa3 c4 11. Ng5 Bc8 12. dxc4 Nxc4 13. Qb4 Nd6 14. Rd1 h6 15.
Nge4 Nc6 16. Qa4 Bd7 17. Nc5 Qc8 18. Nxd7 Qxd7 19. Ne4 Qe6 20. Nxd6 exd6 21. Be3
Rfd8 22. Bd5 Qd7 23. Rac1 Ne7 24. Qxd7 Rxd7 25. Bd4 Nxd5 26. Bxg7 Kxg7 27. Rxd5
Re8 28. e3 Re5 29. Rcd1 Rxd5 30. Rxd5 Kf6 31. Rd2 d5 32. Kf1 Ke5 33. Rc2 g5 34.
Ke2 g4 35. Rc8 d4 36. Rc5+ Ke4 37. exd4 Re7 38. Rh5 Re6 39. h3 Kxd4+ 40. Kd2
gxh3 41. Rxh3 f5 42. Rh4+ Ke5 43. Rb4 b6 44. Ra4 a5 45. Rc4 Kd5 46. Rf4 Ke5 47.
b4 1/2-1/2

[Event "Moscow Open A 2015"]
[Site "Moscow RUS"]
[Date "2015.01.31"]
[Round "1.113"]
[White "Khegay, Dmitriy"]
[Black "Taalaibekov, Tagir"]
[Result "1-0"]
[WhiteTitle "FM"]
[WhiteElo "2370"]
[BlackElo "2037"]
[WhiteFideId "24153729"]
[BlackFideId "13801163"]
[EventDate "2015.01.31"]

1. e4 c5 2. Nf3 e6 3. d4 cxd4 4. Nxd4 a6 5. Nc3 Qc7 6. g3 b5 7. Bg2 Bb7 8. O-O
Nf6 9. Re1 d6 10. a4 bxa4 11. Rxa4 Be7 12. Rb4 Nfd7 13. Qg4 Nc6 14. Nd5 exd5 15.
Nxc6 Nf6 16. Qxg7 Rg8 17. exd5 Rxg7 18. Rxe7+ Qxe7 19. Nxe7 Kxe7 20. Rxb7+ Ke8
21. Bf4 Rd8 22. Bf3 Ng4 23. Rb6 Ne5 24. Be2 f6 25. Bxa6 Rc7 26. c3 Rc5 27. Bb5+
Kf8 28. Bxe5 fxe5 29. c4 Rc7 30. b4 Ke7 31. Kg2 Ra7 32. Ba6 Rda8 33. b5 Rc7 34.
Rc6 Kd7 35. b6 Rxc6 36. Bb5 Ra5 37. dxc6+ Kc8 38. f4 e4 39. Kf2 d5 40. Ke3 Ra3+
41. Kd4 e3 42. cxd5 1-0

[Event "Moscow Open A 2015"]
[Site "Moscow RUS"]
[Date "2015.01.31"]
[Round "1.114"]
[White "Gumirov, Konstantin L"]
[Black "Kanter, Eduard"]
[Result "0-1"]
[BlackTitle "IM"]
[WhiteElo "1988"]
[BlackElo "2369"]
[WhiteFideId "4125061"]
[BlackFideId "4103963"]
[EventDate "2015.01.31"]

1. d4 Nf6 2. g4 Nxg4 3. e4 d6 4. Be2 Nf6 5. Nc3 e5 6. dxe5 dxe5 7. Qxd8+ Kxd8 8.
Nf3 Bd6 9. Rg1 Ne8 10. Ng5 Be6 11. Nxe6+ fxe6 12. Bg5+ Kd7 13. O-O-O Nc6 14. f4
h6 15. fxe5 Nxe5 16. Bf4 Ke7 17. Be3 Rf8 18. Rg2 a6 19. Bh5 g5 20. h4 Nc4 21.
Bd4 Bf4+ 22. Kb1 Ne3 23. Bc5+ Nd6 24. Bxe3 Bxe3 25. hxg5 hxg5 26. Bg4 Nc4 27.
Be2 Ne5 28. Rh1 Rh8 29. Rgh2 Rxh2 30. Rxh2 Rb8 31. Nd1 Bb6 32. c3 g4 33. Kc2 Rg8 0-1

[Event "Moscow Open A 2015"]
[Site "Moscow RUS"]
[Date "2015.01.31"]
[Round "1.115"]
[White "Yandemirov, Valeri"]
[Black "Proleiko, Julian"]
[Result "1/2-1/2"]
[WhiteTitle "GM"]
[WhiteElo "2365"]
[BlackElo "1981"]
[WhiteFideId "4102622"]
[BlackFideId "30900255"]
[EventDate "2015.01.31"]

1. Nf3 Nf6 2. g3 b6 3. Bg2 Bb7 4. O-O e6 5. d3 Be7 6. e4 d6 7. Ne1 Qc8 8. f4 c5
9. c4 O-O 10. Nc3 Rd8 11. f5 exf5 12. Rxf5 Nc6 13. Nc2 g6 14. Rf1 Ne5 15. Ne3
Re8 16. Qe2 a6 17. a4 Qd8 18. Bd2 Bf8 19. Rf2 Bg7 20. Raf1 Bc6 21. Bh3 Rb8 22.
Nc2 Bd7 23. Bxd7 Nfxd7 24. Nd5 Rf8 25. Bc3 h5 26. h3 Qg5 27. Kg2 h4 28. g4 b5
29. axb5 axb5 30. cxb5 Rxb5 31. d4 cxd4 32. Qxb5 dxc3 33. Nce3 cxb2 34. Rxb2 Nc5
35. Rc2 Nxe4 36. Qb7 Nc5 37. Qe7 Qxe7 38. Nxe7+ Kh7 39. Rd1 Ned3 40. N7d5 Be5
41. Nc4 f5 42. Rcd2 fxg4 43. Rxd3 Nxd3 44. Rxd3 gxh3+ 45. Kxh3 Bg3 46. Nce3 g5
47. Kg4 Kg6 48. Nf5 Re8 49. Nfe7+ Kf7 50. Re3 Bf4 1/2-1/2

[Event "Moscow Open A 2015"]
[Site "Moscow RUS"]
[Date "2015.01.31"]
[Round "1.116"]
[White "Baterdene, Tsogbayar"]
[Black "Savenkov, Konstantin"]
[Result "0-1"]
[BlackTitle "FM"]
[WhiteElo "1977"]
[BlackElo "2363"]
[WhiteFideId "4901592"]
[BlackFideId "4138600"]
[EventDate "2015.01.31"]

1. e4 e6 2. d4 d5 3. Nd2 Nf6 4. e5 Nfd7 5. Bd3 c5 6. c3 Nc6 7. Ne2 cxd4 8. cxd4
f6 9. exf6 Qxf6 10. Nf3 h6 11. O-O Bd6 12. Nc3 O-O 13. Be3 a6 14. Rc1 Rd8 15. g3
Nf8 16. Ne1 Bd7 17. Bb1 Be8 18. f4 Bg6 19. f5 exf5 20. Qf3 Nxd4 21. Qxd5+ Nfe6
22. Qxb7 Bc5 23. Ng2 Ra7 24. Ne4 Rxb7 25. Nxf6+ gxf6 26. Kh1 Rxb2 27. Rfd1 Bb6
28. g4 Be8 29. Bxf5 Nxf5 30. Bxb6 Rxd1+ 31. Rxd1 Bc6 32. gxf5 Nf4 0-1

[Event "Moscow Open A 2015"]
[Site "Moscow RUS"]
[Date "2015.01.31"]
[Round "1.117"]
[White "Mirzoev, Emil"]
[Black "Bolanos Lepere, Ulises"]
[Result "1-0"]
[WhiteElo "2362"]
[BlackElo "1946"]
[WhiteFideId "14108640"]
[BlackFideId "5109604"]
[EventDate "2015.01.31"]

1. e4 c5 2. Nc3 Nc6 3. Bb5 d6 4. Bxc6+ bxc6 5. d3 g6 6. Be3 Bg7 7. Nge2 Nf6 8.
h3 Rb8 9. Rb1 O-O 10. Qd2 a5 11. O-O Ba6 12. Bh6 Rb7 13. Bxg7 Kxg7 14. f4 Qc7
15. f5 Rfb8 16. b3 d5 17. fxg6 hxg6 18. Qg5 dxe4 19. Ng3 Rh8 20. Ncxe4 Nxe4 21.
Nxe4 Rh5 22. Qd2 Qe5 23. Qxa5 Ra7 24. Qd2 Bc8 25. a4 f5 26. Ng5 Qg3 27. Nf3 Rxh3
28. Qc3+ Kf8 29. Qxc5 Rc7 30. Rbe1 Ke8 31. Re5 e6 32. Qf2 Rch7 33. Qxg3 Rxg3 34.
Rfe1 Ke7 1-0

[Event "Moscow Open A 2015"]
[Site "Moscow RUS"]
[Date "2015.01.31"]
[Round "1.118"]
[White "Spirin, Alexandr"]
[Black "Sadovsky, Artem"]
[Result "0-1"]
[WhiteElo "1943"]
[BlackElo "2362"]
[WhiteFideId "4187431"]
[BlackFideId "4155840"]
[EventDate "2015.01.31"]

1. Nf3 g6 2. d4 Bg7 3. c4 d6 4. Nc3 Bg4 5. h3 Bxf3 6. exf3 e6 7. Be3 Ne7 8. Bd3
O-O 9. O-O Nd7 10. Qd2 d5 11. Rad1 dxc4 12. Bxc4 Nb6 13. Bb3 a5 14. a4 Ned5 15.
Bg5 Qd7 16. Ne4 Nxa4 17. Bxd5 exd5 18. Nf6+ Bxf6 19. Bxf6 Ra6 20. Be5 Nb6 21. b3
f6 22. Bf4 a4 23. Rc1 c6 24. Rfe1 axb3 25. Bh6 Re8 26. Rxe8+ Qxe8 27. Re1 Qd8
28. Qb4 Kf7 29. Qxb3 Qd6 30. Qe3 Ra8 31. Qb3 Qc7 32. Rb1 Re8 33. g3 Nc4 34. Bf4
Qe7 35. Qxb7 Qxb7 36. Rxb7+ Ke6 37. h4 Re7 38. Rxe7+ Kxe7 39. Kf1 Kd7 40. Ke2
Kc8 41. Kd3 Kb7 42. Kc3 Kb6 43. g4 Kb5 44. Bc7 Ka4 45. f4 f5 46. gxf5 gxf5 47.
h5 Na3 48. Kd3 Kb3 49. Be5 Nc2 50. Bf6 Nb4+ 51. Ke3 Kc3 0-1